| 000 | 00483nam a2200169 a 4500 | ||
|---|---|---|---|
| 001 | 1116 | ||
| 005 | 20140414131933.0 | ||
| 008 | 041020s19uu xx 00 eng d | ||
| 020 | _a0-600-31744-7 | ||
| 050 |
_aREF 423 _bH17 1975 |
||
| 100 | _aPriestley, Harold E. | ||
| 245 |
_aThe Hamlyn all-colour dictionary / _cHarold E. Priestly. |
||
| 260 |
_aEngland : _bHamlyn Publishing, _c1975. |
||
| 300 | _a398 p. ; cm. | ||
| 650 |
_aEnglish language _xDictionaries. |
||
| 999 |
_c112298 _d112298 |
||